Painting a New World (Record no. 2074)

MARC details
000 -CABECERA
campo de control de longitud fija 01018nam a2200265 a 4500
001 - NÚMERO DE CONTROL
campo de control BRCA_2329
005 - FECHA Y HORA DE LA ÚLTIMA TRANSACCIÓN
campo de control 20190320203749.0
008 - DATOS DE LONGITUD FIJA--INFORMACIÓN GENERAL
campo de control de longitud fija 031107s2004 coua---##b---#001-0#eng-#
020 ## - NÚMERO INTERNACIONAL ESTÁNDAR DEL LIBRO
Número Internacional Estándar del Libro 0914738496
040 ## - FUENTE DE LA CATALOGACIÓN
Centro catalogador/agencia de origen DLC
Centro/agencia transcriptor DLC
Centro/agencia modificador DLC
050 #4 - SIGNATURA TOPOGRÁFICA DE LA BIBLIOTECA DEL CONGRESO
Número de clasificación ND253
Número de documento/Ítem .P54 2004
100 1# - ENTRADA PRINCIPAL--NOMBRE DE PERSONA
Nombre de persona Pierce, Donna
Fechas asociadas al nombre 1950-
9 (RLIN) 1488
245 10 - MENCIÓN DE TÍTULO
Título Painting a New World
Resto del título Mexican Art and Life : 1521-1821
Mención de responsabilidad, etc. Donna Pierce, Rogelio Ruiz Gomar, Clara Bargellini ; with an introduction by Jonathan Brown.
260 ## - PUBLICACIÓN, DISTRIBUCIÓN, ETC.
Lugar de publicación, distribución, etc. Denver
Nombre del editor, distribuidor, etc. Denver Art Museum
Fecha de publicación, distribución, etc. 2004
300 ## - DESCRIPCIÓN FÍSICA
Extensión 327 p.
Otras características físicas il. (algunas a color), mapas
Dimensiones 31 cm.
500 ## - NOTA GENERAL
Nota general Catálogo de la exposición realizada en el Denver Art Museum, 3 abril - 25 julio, 2004
500 ## - NOTA GENERAL
Nota general Incluye índice de ilustraciones
504 ## - NOTA DE BIBLIOGRAFÍA, ETC.
Nota de bibliografía, etc. Bibliografía : p. 306-319
650 14 - PUNTO DE ACCESO ADICIONAL DE MATERIA--TÉRMINO DE MATERIA
Término de materia o nombre geográfico como elemento de entrada Pintura mexicana
Subdivisión de forma Exposiciones
9 (RLIN) 3668
650 14 - PUNTO DE ACCESO ADICIONAL DE MATERIA--TÉRMINO DE MATERIA
Término de materia o nombre geográfico como elemento de entrada Pintura colonial
Subdivisión de forma Exposiciones
Subdivisión geográfica México
9 (RLIN) 7003
700 1# - PUNTO DE ACCESO ADICIONAL--NOMBRE DE PERSONA
Nombre de persona Ruiz Gomar, Rogelio
9 (RLIN) 3907
700 1# - PUNTO DE ACCESO ADICIONAL--NOMBRE DE PERSONA
Nombre de persona Bargellini, Clara
9 (RLIN) 2612
700 1# - PUNTO DE ACCESO ADICIONAL--NOMBRE DE PERSONA
Nombre de persona Brown, Jonathan
9 (RLIN) 2543
942 ## - ELEMENTOS DE PUNTO DE ACCESO ADICIONAL (KOHA)
Fuente del sistema de clasificación o colocación Library of Congress Classification
Tipo de ítem Koha Libros
Holdings
Estado de retiro Estado de pérdida Estado dañado No para préstamo Localización permanente Ubicación/localización actual Fecha de adquisición Total de préstamos Signatura topográfica completa Código de barras Fecha visto por última vez Precio válido a partir de Tipo de ítem Koha
El ejemplar forma parte de la colección y puede ser consultado según las políticas vigentes.       Biblioteca del Museo Franz Mayer (Rogerio Casas-Alatriste) Biblioteca del Museo Franz Mayer (Rogerio Casas-Alatriste) 29/09/2008   ND253 .P54 2004 01573 22/03/2019 22/03/2019 Libros